| 000 | 00497nam a2200169Ia 4500 | ||
|---|---|---|---|
| 008 | 090124s9999 xx 000 0 und d | ||
| 020 | _a81-7766-785-8 | ||
| 082 | _b46032 | ||
| 245 | _a द स्पाय हू लव्ह्ड मी | ||
| 250 | _a1 | ||
| 260 | _c2007 | ||
| 300 | _a136 | ||
| 630 | _a द स्पाय हू लव्ह्ड मी | ||
| 700 | _aठाकूर अजित | ||
| 730 | _a द स्पाय हू लव्ह्ड मी | ||
| 942 | _cBOOK | ||
| 999 |
_c112217 _d112217 |
||